<?xml version="1.0" encoding="UTF-8"?>
<marc:record xmlns:marc="http://www.loc.gov/MARC21/slim" type="Bibliographic">
   <marc:leader>00000pam a2200000 c 4500</marc:leader>
   <marc:controlfield tag="001">986554774</marc:controlfield>
   <marc:controlfield tag="003">DE-101</marc:controlfield>
   <marc:controlfield tag="005">20171202051611.0</marc:controlfield>
   <marc:controlfield tag="007">tu</marc:controlfield>
   <marc:controlfield tag="008">071127s2008    gw ||||| m||| 00||||ger  </marc:controlfield>
   <marc:datafield ind1=" " ind2=" " tag="015">
      <marc:subfield code="a">08,A23,0220</marc:subfield>
      <marc:subfield code="z">07,N51,0387</marc:subfield>
      <marc:subfield code="2">dnb</marc:subfield>
   </marc:datafield>
   <marc:datafield ind1="7" ind2=" " tag="016">
      <marc:subfield code="2">DE-101</marc:subfield>
      <marc:subfield code="a">986554774</marc:subfield>
   </marc:datafield>
   <marc:datafield ind1=" " ind2=" " tag="020">
      <marc:subfield code="a">9783451296567</marc:subfield>
      <marc:subfield code="c">kart. : EUR 40.00 (DE), ca. EUR 41.20 (AT), ca. sfr 66.50 (freier Pr.)</marc:subfield>
      <marc:subfield code="9">978-3-451-29656-7</marc:subfield>
   </marc:datafield>
   <marc:datafield ind1="3" ind2=" " tag="024">
      <marc:subfield code="a">9783451296567</marc:subfield>
   </marc:datafield>
   <marc:datafield ind1=" " ind2=" " tag="035">
      <marc:subfield code="a">(DE-599)DNB986554774</marc:subfield>
   </marc:datafield>
   <marc:datafield ind1=" " ind2=" " tag="035">
      <marc:subfield code="a">(OCoLC)723733343</marc:subfield>
   </marc:datafield>
   <marc:datafield ind1=" " ind2=" " tag="040">
      <marc:subfield code="a">1245</marc:subfield>
      <marc:subfield code="b">ger</marc:subfield>
      <marc:subfield code="c">DE-101</marc:subfield>
      <marc:subfield code="d">9999</marc:subfield>
   </marc:datafield>
   <marc:datafield ind1=" " ind2=" " tag="041">
      <marc:subfield code="a">ger</marc:subfield>
   </marc:datafield>
   <marc:datafield ind1=" " ind2=" " tag="044">
      <marc:subfield code="c">XA-DE-BW</marc:subfield>
      <marc:subfield code="c">XA-CH</marc:subfield>
      <marc:subfield code="c">XA-AT</marc:subfield>
   </marc:datafield>
   <marc:datafield ind1="0" ind2="4" tag="082">
      <marc:subfield code="8">1\u</marc:subfield>
      <marc:subfield code="a">230.01</marc:subfield>
      <marc:subfield code="q">DE-101</marc:subfield>
      <marc:subfield code="2">22/ger</marc:subfield>
   </marc:datafield>
   <marc:datafield ind1="7" ind2=" " tag="083">
      <marc:subfield code="a">230</marc:subfield>
      <marc:subfield code="q">DE-101</marc:subfield>
      <marc:subfield code="2">22sdnb</marc:subfield>
   </marc:datafield>
   <marc:datafield ind1=" " ind2=" " tag="085">
      <marc:subfield code="8">1\u</marc:subfield>
      <marc:subfield code="b">230.01</marc:subfield>
   </marc:datafield>
   <marc:datafield ind1=" " ind2=" " tag="090">
      <marc:subfield code="a">b</marc:subfield>
   </marc:datafield>
   <marc:datafield ind1="1" ind2=" " tag="100">
      <marc:subfield code="0">(DE-588)120535009</marc:subfield>
      <marc:subfield code="0">https://d-nb.info/gnd/120535009</marc:subfield>
      <marc:subfield code="0">(DE-101)120535009</marc:subfield>
      <marc:subfield code="a">Müller, Andreas Uwe</marc:subfield>
      <marc:subfield code="d">1958-</marc:subfield>
      <marc:subfield code="e">Verfasser</marc:subfield>
      <marc:subfield code="4">aut</marc:subfield>
      <marc:subfield code="2">gnd</marc:subfield>
   </marc:datafield>
   <marc:datafield ind1="1" ind2="0" tag="245">
      <marc:subfield code="a">Christlicher Glaube und historische Kritik</marc:subfield>
      <marc:subfield code="b">Maurice Blondel und Alfred Loisy im Ringen um das Verhältnis von Schrift und Tradition</marc:subfield>
      <marc:subfield code="c">Andreas Uwe Müller</marc:subfield>
   </marc:datafield>
   <marc:datafield ind1=" " ind2="1" tag="264">
      <marc:subfield code="a">Freiburg, Br.</marc:subfield>
      <marc:subfield code="a">Basel</marc:subfield>
      <marc:subfield code="a">Wien</marc:subfield>
      <marc:subfield code="b">Herder</marc:subfield>
      <marc:subfield code="c">2008</marc:subfield>
   </marc:datafield>
   <marc:datafield ind1=" " ind2=" " tag="300">
      <marc:subfield code="a">357 S.</marc:subfield>
      <marc:subfield code="c">23 cm</marc:subfield>
   </marc:datafield>
   <marc:datafield ind1=" " ind2=" " tag="336">
      <marc:subfield code="a">Text</marc:subfield>
      <marc:subfield code="b">txt</marc:subfield>
      <marc:subfield code="2">rdacontent</marc:subfield>
   </marc:datafield>
   <marc:datafield ind1=" " ind2=" " tag="337">
      <marc:subfield code="a">ohne Hilfsmittel zu benutzen</marc:subfield>
      <marc:subfield code="b">n</marc:subfield>
      <marc:subfield code="2">rdamedia</marc:subfield>
   </marc:datafield>
   <marc:datafield ind1=" " ind2=" " tag="338">
      <marc:subfield code="a">Band</marc:subfield>
      <marc:subfield code="b">nc</marc:subfield>
      <marc:subfield code="2">rdacarrier</marc:subfield>
   </marc:datafield>
   <marc:datafield ind1="1" ind2=" " tag="490">
      <marc:subfield code="a">Freiburger theologische Studien</marc:subfield>
      <marc:subfield code="v">Bd. 172</marc:subfield>
   </marc:datafield>
   <marc:datafield ind1=" " ind2=" " tag="502">
      <marc:subfield code="a">Zugl.: Freiburg (Breisgau), Univ., Habil.-Schr.</marc:subfield>
   </marc:datafield>
   <marc:datafield ind1="1" ind2="7" tag="600">
      <marc:subfield code="0">(DE-588)118511823</marc:subfield>
      <marc:subfield code="0">https://d-nb.info/gnd/118511823</marc:subfield>
      <marc:subfield code="0">(DE-101)118511823</marc:subfield>
      <marc:subfield code="a">Blondel, Maurice</marc:subfield>
      <marc:subfield code="d">1861-1949</marc:subfield>
      <marc:subfield code="9">rswk-swf</marc:subfield>
      <marc:subfield code="2">gnd</marc:subfield>
   </marc:datafield>
   <marc:datafield ind1="1" ind2="7" tag="600">
      <marc:subfield code="0">(DE-588)118574124</marc:subfield>
      <marc:subfield code="0">https://d-nb.info/gnd/118574124</marc:subfield>
      <marc:subfield code="0">(DE-101)118574124</marc:subfield>
      <marc:subfield code="a">Loisy, Alfred</marc:subfield>
      <marc:subfield code="d">1857-1940</marc:subfield>
      <marc:subfield code="9">rswk-swf</marc:subfield>
      <marc:subfield code="2">gnd</marc:subfield>
   </marc:datafield>
   <marc:datafield ind1="1" ind2="7" tag="600">
      <marc:subfield code="0">(DE-588)118511823</marc:subfield>
      <marc:subfield code="0">https://d-nb.info/gnd/118511823</marc:subfield>
      <marc:subfield code="0">(DE-101)118511823</marc:subfield>
      <marc:subfield code="a">Blondel, Maurice</marc:subfield>
      <marc:subfield code="d">1861-1949</marc:subfield>
      <marc:subfield code="9">rswk-swf</marc:subfield>
      <marc:subfield code="2">gnd</marc:subfield>
   </marc:datafield>
   <marc:datafield ind1="1" ind2="7" tag="600">
      <marc:subfield code="0">(DE-588)118574124</marc:subfield>
      <marc:subfield code="0">https://d-nb.info/gnd/118574124</marc:subfield>
      <marc:subfield code="0">(DE-101)118574124</marc:subfield>
      <marc:subfield code="a">Loisy, Alfred</marc:subfield>
      <marc:subfield code="d">1857-1940</marc:subfield>
      <marc:subfield code="9">rswk-swf</marc:subfield>
      <marc:subfield code="2">gnd</marc:subfield>
   </marc:datafield>
   <marc:datafield ind1="1" ind2="7" tag="600">
      <marc:subfield code="0">(DE-588)118511823</marc:subfield>
      <marc:subfield code="0">https://d-nb.info/gnd/118511823</marc:subfield>
      <marc:subfield code="0">(DE-101)118511823</marc:subfield>
      <marc:subfield code="a">Blondel, Maurice</marc:subfield>
      <marc:subfield code="d">1861-1949</marc:subfield>
      <marc:subfield code="9">rswk-swf</marc:subfield>
      <marc:subfield code="2">gnd</marc:subfield>
   </marc:datafield>
   <marc:datafield ind1="1" ind2="7" tag="600">
      <marc:subfield code="0">(DE-588)118574124</marc:subfield>
      <marc:subfield code="0">https://d-nb.info/gnd/118574124</marc:subfield>
      <marc:subfield code="0">(DE-101)118574124</marc:subfield>
      <marc:subfield code="a">Loisy, Alfred</marc:subfield>
      <marc:subfield code="d">1857-1940</marc:subfield>
      <marc:subfield code="9">rswk-swf</marc:subfield>
      <marc:subfield code="2">gnd</marc:subfield>
   </marc:datafield>
   <marc:datafield ind1=" " ind2="7" tag="650">
      <marc:subfield code="0">(DE-588)4008240-4</marc:subfield>
      <marc:subfield code="0">https://d-nb.info/gnd/4008240-4</marc:subfield>
      <marc:subfield code="0">(DE-101)040082407</marc:subfield>
      <marc:subfield code="a">Brief</marc:subfield>
      <marc:subfield code="9">rswk-swf</marc:subfield>
      <marc:subfield code="2">gnd</marc:subfield>
   </marc:datafield>
   <marc:datafield ind1=" " ind2="7" tag="650">
      <marc:subfield code="0">(DE-588)4043365-1</marc:subfield>
      <marc:subfield code="0">https://d-nb.info/gnd/4043365-1</marc:subfield>
      <marc:subfield code="0">(DE-101)04043365X</marc:subfield>
      <marc:subfield code="a">Offenbarung</marc:subfield>
      <marc:subfield code="9">rswk-swf</marc:subfield>
      <marc:subfield code="2">gnd</marc:subfield>
   </marc:datafield>
   <marc:datafield ind1=" " ind2="7" tag="650">
      <marc:subfield code="0">(DE-588)4060560-7</marc:subfield>
      <marc:subfield code="0">https://d-nb.info/gnd/4060560-7</marc:subfield>
      <marc:subfield code="0">(DE-101)040605604</marc:subfield>
      <marc:subfield code="a">Tradition</marc:subfield>
      <marc:subfield code="9">rswk-swf</marc:subfield>
      <marc:subfield code="2">gnd</marc:subfield>
   </marc:datafield>
   <marc:datafield ind1=" " ind2="7" tag="650">
      <marc:subfield code="0">(DE-588)4160007-1</marc:subfield>
      <marc:subfield code="0">https://d-nb.info/gnd/4160007-1</marc:subfield>
      <marc:subfield code="0">(DE-101)04160007X</marc:subfield>
      <marc:subfield code="a">Historische Kritik</marc:subfield>
      <marc:subfield code="9">rswk-swf</marc:subfield>
      <marc:subfield code="2">gnd</marc:subfield>
   </marc:datafield>
   <marc:datafield ind1=" " ind2="7" tag="650">
      <marc:subfield code="0">(DE-588)4133275-1</marc:subfield>
      <marc:subfield code="0">https://d-nb.info/gnd/4133275-1</marc:subfield>
      <marc:subfield code="0">(DE-101)04133275X</marc:subfield>
      <marc:subfield code="a">Modernismus</marc:subfield>
      <marc:subfield code="9">rswk-swf</marc:subfield>
      <marc:subfield code="2">gnd</marc:subfield>
   </marc:datafield>
   <marc:datafield ind1=" " ind2="7" tag="650">
      <marc:subfield code="0">(DE-588)4018877-2</marc:subfield>
      <marc:subfield code="0">https://d-nb.info/gnd/4018877-2</marc:subfield>
      <marc:subfield code="0">(DE-101)040188779</marc:subfield>
      <marc:subfield code="a">Fundamentaltheologie</marc:subfield>
      <marc:subfield code="9">rswk-swf</marc:subfield>
      <marc:subfield code="2">gnd</marc:subfield>
   </marc:datafield>
   <marc:datafield ind1=" " ind2="7" tag="650">
      <marc:subfield code="0">(DE-588)4030005-5</marc:subfield>
      <marc:subfield code="0">https://d-nb.info/gnd/4030005-5</marc:subfield>
      <marc:subfield code="0">(DE-101)040300056</marc:subfield>
      <marc:subfield code="a">Katholische Theologie</marc:subfield>
      <marc:subfield code="9">rswk-swf</marc:subfield>
      <marc:subfield code="2">gnd</marc:subfield>
   </marc:datafield>
   <marc:datafield ind1=" " ind2=" " tag="653">
      <marc:subfield code="a">(VLB-PF)BC: Paperback</marc:subfield>
   </marc:datafield>
   <marc:datafield ind1=" " ind2=" " tag="653">
      <marc:subfield code="a">(VLB-WN)1542: HC/Religion/Theologie/Christentum</marc:subfield>
   </marc:datafield>
   <marc:datafield ind1=" " ind2="7" tag="655">
      <marc:subfield code="0">(DE-588)4113937-9</marc:subfield>
      <marc:subfield code="0">https://d-nb.info/gnd/4113937-9</marc:subfield>
      <marc:subfield code="0">(DE-101)041139372</marc:subfield>
      <marc:subfield code="a">Hochschulschrift</marc:subfield>
      <marc:subfield code="2">gnd-content</marc:subfield>
   </marc:datafield>
   <marc:datafield ind1="0" ind2="0" tag="689">
      <marc:subfield code="0">(DE-588)118511823</marc:subfield>
      <marc:subfield code="0">https://d-nb.info/gnd/118511823</marc:subfield>
      <marc:subfield code="0">(DE-101)118511823</marc:subfield>
      <marc:subfield code="D">p</marc:subfield>
      <marc:subfield code="a">Blondel, Maurice</marc:subfield>
      <marc:subfield code="d">1861-1949</marc:subfield>
   </marc:datafield>
   <marc:datafield ind1="0" ind2="1" tag="689">
      <marc:subfield code="0">(DE-588)4008240-4</marc:subfield>
      <marc:subfield code="0">https://d-nb.info/gnd/4008240-4</marc:subfield>
      <marc:subfield code="0">(DE-101)040082407</marc:subfield>
      <marc:subfield code="D">s</marc:subfield>
      <marc:subfield code="a">Brief</marc:subfield>
   </marc:datafield>
   <marc:datafield ind1="0" ind2="2" tag="689">
      <marc:subfield code="0">(DE-588)118574124</marc:subfield>
      <marc:subfield code="0">https://d-nb.info/gnd/118574124</marc:subfield>
      <marc:subfield code="0">(DE-101)118574124</marc:subfield>
      <marc:subfield code="D">p</marc:subfield>
      <marc:subfield code="a">Loisy, Alfred</marc:subfield>
      <marc:subfield code="d">1857-1940</marc:subfield>
   </marc:datafield>
   <marc:datafield ind1="0" ind2=" " tag="689">
      <marc:subfield code="5">DE-101</marc:subfield>
      <marc:subfield code="5">DE-101</marc:subfield>
   </marc:datafield>
   <marc:datafield ind1="1" ind2="0" tag="689">
      <marc:subfield code="0">(DE-588)118511823</marc:subfield>
      <marc:subfield code="0">https://d-nb.info/gnd/118511823</marc:subfield>
      <marc:subfield code="0">(DE-101)118511823</marc:subfield>
      <marc:subfield code="D">p</marc:subfield>
      <marc:subfield code="a">Blondel, Maurice</marc:subfield>
      <marc:subfield code="d">1861-1949</marc:subfield>
   </marc:datafield>
   <marc:datafield ind1="1" ind2="1" tag="689">
      <marc:subfield code="0">(DE-588)4043365-1</marc:subfield>
      <marc:subfield code="0">https://d-nb.info/gnd/4043365-1</marc:subfield>
      <marc:subfield code="0">(DE-101)04043365X</marc:subfield>
      <marc:subfield code="D">s</marc:subfield>
      <marc:subfield code="a">Offenbarung</marc:subfield>
   </marc:datafield>
   <marc:datafield ind1="1" ind2="2" tag="689">
      <marc:subfield code="0">(DE-588)4060560-7</marc:subfield>
      <marc:subfield code="0">https://d-nb.info/gnd/4060560-7</marc:subfield>
      <marc:subfield code="0">(DE-101)040605604</marc:subfield>
      <marc:subfield code="D">s</marc:subfield>
      <marc:subfield code="a">Tradition</marc:subfield>
   </marc:datafield>
   <marc:datafield ind1="1" ind2="3" tag="689">
      <marc:subfield code="0">(DE-588)4160007-1</marc:subfield>
      <marc:subfield code="0">https://d-nb.info/gnd/4160007-1</marc:subfield>
      <marc:subfield code="0">(DE-101)04160007X</marc:subfield>
      <marc:subfield code="D">s</marc:subfield>
      <marc:subfield code="a">Historische Kritik</marc:subfield>
   </marc:datafield>
   <marc:datafield ind1="1" ind2="4" tag="689">
      <marc:subfield code="0">(DE-588)118574124</marc:subfield>
      <marc:subfield code="0">https://d-nb.info/gnd/118574124</marc:subfield>
      <marc:subfield code="0">(DE-101)118574124</marc:subfield>
      <marc:subfield code="D">p</marc:subfield>
      <marc:subfield code="a">Loisy, Alfred</marc:subfield>
      <marc:subfield code="d">1857-1940</marc:subfield>
   </marc:datafield>
   <marc:datafield ind1="1" ind2=" " tag="689">
      <marc:subfield code="5">DE-101</marc:subfield>
      <marc:subfield code="5">DE-101</marc:subfield>
   </marc:datafield>
   <marc:datafield ind1="2" ind2="0" tag="689">
      <marc:subfield code="0">(DE-588)118511823</marc:subfield>
      <marc:subfield code="0">https://d-nb.info/gnd/118511823</marc:subfield>
      <marc:subfield code="0">(DE-101)118511823</marc:subfield>
      <marc:subfield code="D">p</marc:subfield>
      <marc:subfield code="a">Blondel, Maurice</marc:subfield>
      <marc:subfield code="d">1861-1949</marc:subfield>
   </marc:datafield>
   <marc:datafield ind1="2" ind2="1" tag="689">
      <marc:subfield code="0">(DE-588)4133275-1</marc:subfield>
      <marc:subfield code="0">https://d-nb.info/gnd/4133275-1</marc:subfield>
      <marc:subfield code="0">(DE-101)04133275X</marc:subfield>
      <marc:subfield code="D">s</marc:subfield>
      <marc:subfield code="a">Modernismus</marc:subfield>
   </marc:datafield>
   <marc:datafield ind1="2" ind2="2" tag="689">
      <marc:subfield code="0">(DE-588)4018877-2</marc:subfield>
      <marc:subfield code="0">https://d-nb.info/gnd/4018877-2</marc:subfield>
      <marc:subfield code="0">(DE-101)040188779</marc:subfield>
      <marc:subfield code="D">s</marc:subfield>
      <marc:subfield code="a">Fundamentaltheologie</marc:subfield>
   </marc:datafield>
   <marc:datafield ind1="2" ind2="3" tag="689">
      <marc:subfield code="0">(DE-588)4030005-5</marc:subfield>
      <marc:subfield code="0">https://d-nb.info/gnd/4030005-5</marc:subfield>
      <marc:subfield code="0">(DE-101)040300056</marc:subfield>
      <marc:subfield code="D">s</marc:subfield>
      <marc:subfield code="a">Katholische Theologie</marc:subfield>
   </marc:datafield>
   <marc:datafield ind1="2" ind2="4" tag="689">
      <marc:subfield code="0">(DE-588)118574124</marc:subfield>
      <marc:subfield code="0">https://d-nb.info/gnd/118574124</marc:subfield>
      <marc:subfield code="0">(DE-101)118574124</marc:subfield>
      <marc:subfield code="D">p</marc:subfield>
      <marc:subfield code="a">Loisy, Alfred</marc:subfield>
      <marc:subfield code="d">1857-1940</marc:subfield>
   </marc:datafield>
   <marc:datafield ind1="2" ind2=" " tag="689">
      <marc:subfield code="5">DE-101</marc:subfield>
      <marc:subfield code="5">DE-101</marc:subfield>
   </marc:datafield>
   <marc:datafield ind1=" " ind2="0" tag="830">
      <marc:subfield code="a">Freiburger theologische Studien</marc:subfield>
      <marc:subfield code="v">Bd. 172</marc:subfield>
      <marc:subfield code="w">(DE-101)012608602</marc:subfield>
      <marc:subfield code="w">(DE-600)500528-0</marc:subfield>
      <marc:subfield code="9">3172</marc:subfield>
      <marc:subfield code="7">as</marc:subfield>
   </marc:datafield>
   <marc:datafield ind1=" " ind2=" " tag="850">
      <marc:subfield code="a">DE-101a</marc:subfield>
      <marc:subfield code="a">DE-101b</marc:subfield>
   </marc:datafield>
   <marc:datafield ind1="4" ind2="2" tag="856">
      <marc:subfield code="m">B:DE-101</marc:subfield>
      <marc:subfield code="q">application/pdf</marc:subfield>
      <marc:subfield code="u">https://d-nb.info/986554774/04</marc:subfield>
      <marc:subfield code="3">Inhaltsverzeichnis</marc:subfield>
   </marc:datafield>
   <marc:datafield ind1="r" ind2=" " tag="925">
      <marc:subfield code="a">ra</marc:subfield>
   </marc:datafield>
</marc:record>
